000 01002nam a2200289Ia 4500
003 OSt
005 20221007123624.0
006 a|||||r|||| 00| 0
007 ta
008 221006b |||||||| |||| 00| 0 eng d
020 _a0521621968 (hbd)
_cRs.2887.30
024 _a76942
037 _b1823, 16/03/2007, Unilib Book Distributors
_cTextbook
040 _aPAPL
_cPAPL
_beng
041 _2eng
_aeng
082 _aC9B36, P0;2 Carpa
100 _aPerkins Donald H
245 0 _aIntroduction to high energy physics
250 _a4
260 _aCambridge
_bCambridge University Press
_c2000
300 _axiii,426p.
_ccm.
500 _aAppendix A-E 377-397p; Glossary 398-407p; Bibliography 412-417p; Bibliographical references 418-420p; Index 421-426p
650 _a Particles-Nuclear physics
_9713661
650 _aPhysics
942 _hC9B36, P0;2 Carpa
_cTB
_2CC
999 _c1212205
_d1212205